Business studies (Record no. 5989)
[ view plain ]
| 000 -LEADER | |
|---|---|
| fixed length control field | 00541cam a2200217ua 4500 |
| 001 - CONTROL NUMBER | |
| control field | 6847 |
| 005 - DATE AND TIME OF LATEST TRANSACTION | |
| control field | 20260515114120.0 |
| 008 - FIXED-LENGTH DATA ELEMENTS--GENERAL INFORMATION | |
| fixed length control field | 140220n ii |||gr||||Z||||||eng |
| 020 ## - INTERNATIONAL STANDARD BOOK NUMBER | |
| International Standard Book Number | 81-272-2727-7 |
| 040 ## - CATALOGING SOURCE | |
| Transcribing agency | MAIN |
| 082 ## - DEWEY DECIMAL CLASSIFICATION NUMBER | |
| Classification number | 658 |
| 245 ## - TITLE STATEMENT | |
| Title | Business studies |
| Statement of responsibility, etc. | By R.K. Sharma |
| 260 ## - PUBLICATION, DISTRIBUTION, ETC. | |
| Place of publication, distribution, etc. | Ludhiana: |
| Name of publisher, distributor, etc. | Kalyani publishers, |
| Date of publication, distribution, etc. | 2006. |
| 300 ## - PHYSICAL DESCRIPTION | |
| Extent | x,324p. |
| 653 ## - INDEX TERM--UNCONTROLLED | |
| Uncontrolled term | General management |
| 653 ## - INDEX TERM--UNCONTROLLED | |
| Uncontrolled term | Business studies |
| 653 ## - INDEX TERM--UNCONTROLLED | |
| Uncontrolled term | Commerce |
| 700 ## - ADDED ENTRY--PERSONAL NAME | |
| Personal name | Sharma,R.K., |
| Relator term | Author., |
| 700 ## - ADDED ENTRY--PERSONAL NAME | |
| Personal name | Gupta,Shashi K., |
| Relator term | Author. |
| 942 ## - ADDED ENTRY ELEMENTS (KOHA) | |
| Koha item type | Books |
| Withdrawn status | Lost status | Damaged status | Not for loan | Home library | Current library | Shelving location | Date acquired | Total checkouts | Full call number | Barcode | Date last seen | Date last checked out | Copy number | Price effective from | Koha item type |
|---|---|---|---|---|---|---|---|---|---|---|---|---|---|---|---|
| Naharkatiya College Library | Naharkatiya College Library | General stacks | 09/19/2020 | 23 | 658 | SHA | 16564 | 12/20/2024 | 11/26/2024 | 1 | 09/19/2020 | Books |